Egy elveszettnek hitt Sylvester-nyomtatvány

Elmentve itt :
Bibliográfiai részletek
Szerző: Németh Sarolta Katalin
Dokumentumtípus: Könyv
Megjelent: Szegedi Városi Nyomda Szeged 1981
Sorozat:Irodalomtörténeti Dolgozatok 136
Kulcsszavak:Sylvester János, Nyelvemlék - magyar - 16. sz.
Tárgyszavak:
Online Access:http://acta.bibl.u-szeged.hu/43943
LEADER 00734nam a2200193 i 4500
001 acta43943
005 20230331130512.0
008 170109s1981 hu o 0|| hun d
040 |a SZTE Egyetemi Kiadványok Repozitórium  |b hun 
041 |a hun 
100 1 |a Németh Sarolta Katalin 
245 1 0 |a Egy elveszettnek hitt Sylvester-nyomtatvány  |h [elektronikus dokumentum] /  |c  Németh Sarolta Katalin 
260 |a Szegedi Városi Nyomda  |b Szeged  |c 1981 
300 |a p. 11-20.  |c 24 cm 
490 0 |a Irodalomtörténeti Dolgozatok  |v 136 
650 4 |a Bölcsészettudományok 
650 4 |a Nyelvek és irodalom 
695 |a Sylvester János, Nyelvemlék - magyar - 16. sz. 
856 4 0 |u http://acta.bibl.u-szeged.hu/43943/1/itd_136.pdf  |z Dokumentum-elérés